Cómo defendernos de los servicios de hotelería defectuosos e ineficientes?. (Registro nro. 42031)

Detalles MARC
000 -ENCABEZADO
Número de control [NR] 01112nam a2200289Ia 4500
008 - DE LONGITUD FIJA DE DATOS DE ELEMENTOS - INFORMACIÓN GENERAL
Elementos de longitud fija [NR] 130821s2001 enk gr spa
020 ## - NUMERO INTERNACIONAL NORMALIZADO PARA LIBROS [R]
Número Internacional Normalizado del libro [NR] 987527027X
040 ## - FUENTE DE CATALOGACION [NR]
Agencia de catalogación original [NR] Co-BoUCM
Idioma de catalogación [NR] spa
041 00 - CODIGO DE IDIOMA [R]
Código de idioma para texto/pista de sonido o título separado [R] Español
100 1# - ASIENTO PRINCIPAL--NOMBRE PERSONAL [NR]
Nombre personal [NR] Costa, Francisco.
ID Autoridad 161161
245 10 - MENCION DE TITULO [NR]
Título [NR] Cómo defendernos de los servicios de hotelería defectuosos e ineficientes?.
Mención de responsabilidad, etc. [NR] Francisco Costa, Juan E. Cáceres
260 ## - PUBLICACION, DISTRIBUCION, ETC. (PIE DE IMPRENTA) [R]
Lugar de publicación, distribución, etc. [R] Melksham (Inglaterra)
Nombre del editor, distribuidor, etc. [R] Ediciones Jurídicas Cuyo
Fecha de publicación, distribución, etc. [R] [2001]
300 ## - DESCRIPCION FISICA [R]
Extensión [R] 102 páginas
490 ## - MENCION DE SERIE [R]
Mención de serie [R] Tutela del Consumidor
Designación numérica/secuencial del volumen [NR] 4.
504 ## - NOTA DE BIBLIOGRAFIA, ETC. [R]
Nota de bibliografía, etc. [NR]
650 04 - ASIENTO SECUNDARIO DE MATERIA - TERMINO TEMATICO [R]
Término temático o nombre geográfico como elemento de entrada [NR] Comportamiento del consumidor
Subdivisión geográfica [R] Argentina
9 (RLIN) 11290
650 04 - ASIENTO SECUNDARIO DE MATERIA - TERMINO TEMATICO [R]
Término temático o nombre geográfico como elemento de entrada [NR] Consumidores
Subdivisión geográfica [R] Argentina
9 (RLIN) 11728
650 04 - ASIENTO SECUNDARIO DE MATERIA - TERMINO TEMATICO [R]
Término temático o nombre geográfico como elemento de entrada [NR] Derecho comercial
9 (RLIN) 12717
650 04 - ASIENTO SECUNDARIO DE MATERIA - TERMINO TEMATICO [R]
Término temático o nombre geográfico como elemento de entrada [NR] Hospitalidad
Subdivisión general [R] Legislación
Subdivisión geográfica [R] Argentina
9 (RLIN) 17055
650 04 - ASIENTO SECUNDARIO DE MATERIA - TERMINO TEMATICO [R]
Término temático o nombre geográfico como elemento de entrada [NR] Hoteles
Subdivisión general [R] Legislación
Subdivisión geográfica [R] Argentina
9 (RLIN) 17057
650 04 - ASIENTO SECUNDARIO DE MATERIA - TERMINO TEMATICO [R]
Término temático o nombre geográfico como elemento de entrada [NR] Protección del consumidor
Subdivisión general [R] Legislación
Subdivisión geográfica [R] Argentina
9 (RLIN) 22642
650 04 - ASIENTO SECUNDARIO DE MATERIA - TERMINO TEMATICO [R]
Término temático o nombre geográfico como elemento de entrada [NR] Tutela
Subdivisión geográfica [R] Argentina
9 (RLIN) 25941
700 1# - ASIENTO SECUNDARIO - NOMBRE PERSONAL [R]
Nombre personal [NR] Cáceres, Juan E.
9 (RLIN) 161162
700 1# - ASIENTO SECUNDARIO - NOMBRE PERSONAL [R]
Nombre personal [NR] Ghersi, Carlos Alberto
9 (RLIN) 35433
942 ## - ELEMENTOS DE ENTRADA AGREGADOS (KOHA)
Tipo de ítem principal el descrito en 300a Libro
Tema principal Derecho
Edición 1
Parte restante de la signatura top. C837T
Sistema de clasificación DEWEY
Clasificación 346.073
Existencias
Signatura topográfica Código de barras Última vez visto Ejemplar Price effective from Tipo de ítem Perdido Sistema de clasificación Dañado No prestable Tipo de ítem específico Suprimido Ubicación habitual Ubicación actual Localización Fecha de creación Forma de adquisición Costo
346.073 C837T 100063684 06/06/2024 Ej.1 03/02/2013 Libro   DEWEY     Libro   Bodega Bodega 3er piso 28/02/2004 Compra 30000.00